Pays qui touchent le méridien de Greenwich ou l'equateur a l'aveugle - Statistiques

Statistiques générales
  • Ce quiz a été pris 48 fois
  • Le résultat moyen est 12 sur 19
Statistiques - réponses
Pays % Correct
br Brésil
84%
ec Équateur
84%
uk Royaume-Uni
84%
id Indonésie
80%
fr France
77%
cd Rép. dém. du Congo
73%
cg République du Congo
73%
es Espagne
70%
ke Kenya
70%
dz Algérie
66%
co Colombie
64%
ml Mali
61%
ga Gabon
52%
gh Ghana
52%
bf Burkina Faso
48%
ug Ouganda
45%
tg Togo
45%
st Sao Tomé-et-Principe
32%
so Somalie
27%
Aucun quiz correspondant
Distribution des résultats
% des personnes avec chaque résultat
Percentile par nombre de réponses
Votre historique - résultats
Vous n’avez pas pris ce quiz